| 000 | 00965nam a22002297a 4500 | ||
|---|---|---|---|
| 005 | 20240530110542.0 | ||
| 008 | 160515s2011 ku g b 000 0 ara d | ||
| 017 |
_a2011/3/1109 _bالكويت . دائرة المكتبة الوطنية |
||
| 020 | _a9789957171322 | ||
| 040 | _aEG-CaGPL | ||
| 082 | 0 | 4 |
_221 _a070.4496\ _bح و |
| 100 | 0 | _aحسنى محمد نصر . | |
| 245 | 1 | 0 |
_aوسائل الاعلام الجديدة : _bاسس التغطية و الكتابة و التصميم و الاخراج فى الصحافة الالكترونية / _cتاليف حسنى محمد نصر . |
| 250 | _aط.1 | ||
| 260 |
_aالكويت : _bمكتبة الفلاح للنشر و التوزيع ، _c2011 . |
||
| 300 |
_a382 ص ؛ _c24 سم . |
||
| 504 | _aببليوجرافية : ص 377 - 382 | ||
| 650 | 0 | 4 | _aالصحافة الالكترونية . |
| 650 | 0 | 4 | _aوسائل الاعلام . |
| 942 |
_2ddc _cBK |
||
| 999 |
_c62281 _d62281 |
||